|
|
|
|
| LEADER |
00000nam a2200000 a 4500 |
| 001 |
UCJ8372 |
| 003 |
CL-VaPUC |
| 008 |
070124e19650000FR |||||||||||||||||fre|d |
| 082 |
0 |
4 |
|a 094
|b BRE
|2 21
|
| 100 |
0 |
|
|a Breillat, Pierre
|e author
|9 517163
|
| 245 |
1 |
4 |
|a Les Réserves précieuses dans les bibliothèques
|
| 250 |
|
|
|a 1a. ed
|
| 300 |
|
|
|a 40 p
|
| 942 |
|
|
|c BK
|
| 945 |
|
|
|d 20070124 00:00:00
|a rinostro
|
| 260 |
|
|
|a París
|b UNESCO
|c 1965
|
| 650 |
|
7 |
|a LIBROS RAROS
|2 CL-VaPUC
|9 321878
|
| 650 |
|
7 |
|a BIBLIOTECOLOGIA
|2 CL-VaPUC
|9 256929
|
| 650 |
|
7 |
|a BIBLIOTECARIOS
|2 CL-VaPUC
|9 517164
|
| 650 |
|
7 |
|a CONSERVACION DE LIBROS
|2 CL-VaPUC
|9 517165
|
| 650 |
|
0 |
|a Ilustraciones
|9 369481
|
| 650 |
|
0 |
|a Editoriales
|9 387409
|
| 583 |
|
|
|a last modification
|c 20070124 00:00:00
|k Rodrigo Vera
|
| 999 |
|
|
|c 324126
|d 324124
|
| 952 |
|
|
|0 0
|1 0
|4 0
|6 094_000000000000000_BRE_1965
|7 0
|8 X
|9 404063
|a FDOBUD
|b FDOBUD
|d 2019-11-22
|i 1077155
|o 094 BRE 1965
|p 1077155
|r 2019-11-22
|w 2019-11-22
|y BK_X
|k BUD
|